|
|
|
|
| LEADER |
00000nta a2200000 i 4500 |
| 001 |
dolg20826 |
| 005 |
20200323140220.0 |
| 008 |
190508suuuu hu o 000 hun d |
| 040 |
|
|
|a BGE Dolgozattár Repozitórium
|b hun
|
| 041 |
|
|
|a hu
|
| 100 |
1 |
|
|a Szalai Ádám Gábor
|
| 245 |
1 |
0 |
|a Szakmai Gyakorlat Beszámoló Hewlett-Packard Informatikai Kft.
|c Szalai Ádám Gábor
|h [elektronikus dokumentum]
|
| 516 |
|
|
|a Final_paper
|
| 695 |
|
|
|a Hewlett-Packard
|
| 695 |
|
|
|a Informatika
|
| 700 |
1 |
|
|a Buday-Sántha Dr. Andrea
|e ths
|
| 856 |
4 |
0 |
|u http://dolgozattar.uni-bge.hu/20826/1/Szalai%20%C3%81d%C3%A1m%20G%C3%A1bor%20OZ77WT%20Szakmai%20Gyakorlat%20besz%C3%A1mol%C3%B3%20z%C3%A1r%C3%B3dolgozat.pdf
|z Dokumentum-elérés
|